Personnages - Game of Thrones - Statistiques

Statistiques générales
  • Ce quiz a été pris 49 fois
  • Le résultat moyen est 14 sur 16
Statistiques - réponses
Par images Réponse % Correct
Arya Stark
100%
Daenerys Targaryen
100%
Sansa Stark
100%
Bran Stark
97%
Cersei Lannister
97%
Jaime Lannister
97%
Samwell Tarly
97%
Varys
95%
Brienne de Torth
92%
Catelyn Stark
89%
Ramsay Bolton
89%
Jorah Mormont
87%
Oberyn Martel
82%
Missandei
79%
Margaery Tyrell
76%
Osha
61%
Aucun quiz correspondant
Distribution des résultats
% des personnes avec chaque résultat
Percentile par nombre de réponses
Votre historique - résultats
Vous n’avez pas pris ce quiz